00795nam a2200265Ia 4500003000400000005001700004008004000021040000700061041001200068082001800080100006200098245008700160260004000247300001300287650002200300650002300322650002000345650001900365650003500384650002300419650001400442650002000456650002700476650002600503OSt20240418115744.0210210b1990 xxu||||| |||| 00| 0 eng d cAL aKannada aK894.109 TALA aTALVADI (B S).dತಲ್ವಾಡಿ (ಬಿ ಎಸ್)  aAdhunika kannada kavigalu.bಆಧುನಿಕ ಕನ್ನಡ ಕವಿಗಳು  aBengalurubVasanta Prakashanac1990 aviii,112 aChennavira Kanavi aG S Shivarudrappa  aMadhura Chenna  aJ P Rajaratnam a Su Ram Ekkundi (S R Ekkundi) aSiddhayya Puranika aVinayaka  aM V Sitaramayya aS V Parameshvarabhatta aM Gopalakrashna Adiga